| 000 | 01014nam a2200301 a 4500 | ||
|---|---|---|---|
| 001 | 000007398 | ||
| 003 | DO-SdBNP | ||
| 005 | 20251008135757.0 | ||
| 008 | 090908s1978 dr a 000 0 spa d | ||
| 040 |
_aDO-SdBNP _bspa _cBNPHU _erda |
||
| 041 | _aspa | ||
| 082 |
_a460.07 _bU75l,1978 _222 |
||
| 100 | 1 |
_aUreña Rib, Pedro R. _eautor _4aut. _920558 |
|
| 245 | 1 | 0 |
_aLetras y hombres : _bselección de textos / _cPedro R. Ureña Rib ; Ma. del Carmen Cot de Ureña. |
| 250 | _aSegunda edición | ||
| 264 |
_aSanto Domingo : _bEditora Alfa y Omega, _c1978. |
||
| 300 |
_a298 páginas. : _bilustraciones ; _c21 cm. |
||
| 336 |
_atexto _btxt _2rdacontent |
||
| 337 |
_asin mediación _bn _2rdamedia |
||
| 338 |
_avolumen _bnc _2rdacarrier |
||
| 500 | _aIncluye índice alfabético. | ||
| 590 | _aInventariado, 2025/ YL | ||
| 650 | 4 |
_aEspañol _xEnseñanza _9406 |
|
| 650 | 4 |
_aLiteratura _xEnseñanza _95023 |
|
| 700 | 1 |
_aCot de Ureña, Ma. del Carmen _eautora _4aut. _920559 |
|
| 910 | _aYLockward | ||
| 942 |
_2ddc _cLBS1 |
||
| 999 |
_c7179 _d7179 |
||